| 000 | 00681 a2200193 4500 | ||
|---|---|---|---|
| 020 | _a0792375483 | ||
| 040 |
_aDLC _bDLC |
||
| 100 | 1 | _aBarry, John R., | |
| 245 | 1 | 0 |
_aDigital communication _cJohn R. Barry, Edward A. Lee, David G. Messerschmitt. |
| 250 | _a3rd ed. | ||
| 260 |
_aBoston [Mass.] ; _aLondon : _bKluwer Academic Publishers, _cc2004. |
||
| 300 |
_axvi, 838 p. : _bill. ; _c27 cm. |
||
| 500 | _aRev. ed. of: Digital communication / Edward A. Lee, David G. Messerschmitt. 2nd ed. c1994. | ||
| 650 | 0 | _aDigital communications. | |
| 700 | 1 |
_aLee, Edward A., _d1957- |
|
| 700 | 1 | _aMesserschmitt, David G. | |
| 700 | 1 |
_aLee, Edward A., _d1957- |
|
| 942 |
_cBK _k621.382 BAR _2ddc |
||
| 999 |
_c4593 _d4593 |
||